00229nam a2200085Ia 4500008004100000245005200041260002200093440000600115521002200121140130s9999 xx 000 0 und d cRodda, EmilyaDeltora quest: the shifting sands bScholastic,c2000 v1 aGrade 3 - Grade 4